MAASAI MARA UNIVERSITY

LIBRARY CATALOGUE

Contact Us: +254 020 2685356/7 or 0774 057787

Box: 861-20500, NAROK, KENYA

Email: info@mmarau.ac.ke

_Strategic compensation A human resource management approach (Record no. 12272)

MARC details
000 -LEADER
fixed length control field 00474nam a2200157Ia 4500
008 - FIXED-LENGTH DATA ELEMENTS--GENERAL INFORMATION
fixed length control field 151021s9999 xx 000 0 und d
020 ## - INTERNATIONAL STANDARD BOOK NUMBER
International Standard Book Number 9.7801360007e+012
050 ## - LIBRARY OF CONGRESS CALL NUMBER
Classification number HF 49.5.C67M284 2009
245 ## - TITLE STATEMENT
Title _Strategic compensation A human resource management approach
260 ## - PUBLICATION, DISTRIBUTION, ETC. (IMPRINT)
Place of publication, distribution, etc. New Jersey Pearson 2009
300 ## - PHYSICAL DESCRIPTION
Extent xxv,441p.
500 ## - GENERAL NOTE
General note Includes index
500 ## - GENERAL NOTE
General note Includes index
650 ## - SUBJECT ADDED ENTRY--TOPICAL TERM
Topical term or geographic name as entry element _compensation-management
980 ## - EQUIVALENCE OR CROSS-REFERENCE-SERIES STATEMENT--PERSONAL NAME/TITLE [LOCAL, CANADA]
Personal name ^d20120809 10:50:46^oanne

No items available.

© 2016 Maasai Mara University.